Statistics for Longest Rivers in Rhode Island

Click here to take the quiz!

General Stats

  • This quiz has been taken 6 times
  • The average score is 2 of 10

Answer Stats

KmMiRiver% Correct
7748Blackstone
83%
4025Wood
33%
2012Pawtuxet
17%
2013Ponaganset
17%
3522Ten Mile
17%
2717Mill
0%
3924Moosup
0%
5534Pawcatuck
0%
2314Sakonnet
0%
2616Woonasquatucket
0%

Score Distribution

Percentile by Number Answered

Percent of People with Each Score

Your Score History

You have not taken this quiz